Teilhard de Chardin: the man and his meaning
Saved in:
| Hovedforfatter: | |
|---|---|
| Format: | Bog |
| Sprog: | engelsk |
| Udgivet: |
Nueva York
Mentor-Omega Books
1967
|
| Udgivelse: | 1a. ed |
| Serier: | MT, 704
|
| Fag: | |
| Tags: |
Tilføj Tag
Ingen Tags, Vær først til at tagge denne postø!
|
MARC
| LEADER | 00000cam a2200000 a 4500 | ||
|---|---|---|---|
| 001 | UCE9675 | ||
| 003 | CL-VaPUC | ||
| 008 | 151029e19670000us |||||||||||||||||eng|d | ||
| 082 | 0 | 4 | |a 128 |b LUB |2 21 |
| 100 | |a Lubac, Henri de, |d 1896-1991 |e autor |9 593067 | ||
| 245 | 1 | 0 | |a Teilhard de Chardin: the man and his meaning |
| 250 | |a 1a. ed | ||
| 300 | |a 206 p | ||
| 942 | |c BK | ||
| 945 | |d 20151029 22:28:00 |a gsalatino | ||
| 260 | |a Nueva York |b Mentor-Omega Books |c 1967 | ||
| 600 | 0 | |a Dios |9 314467 | |
| 650 | 7 | |a HOMBRE |2 CL-VaPUC |9 262149 | |
| 650 | 0 | |a Naturaleza humana |9 308593 | |
| 650 | 0 | |a Significado |9 319330 | |
| 583 | |a last modification |c 20151029 22:28:00 |k Rodrigo Vera | ||
| 490 | 0 | |a MT, 704 | |
| 999 | |c 361320 |d 361318 | ||
| 952 | |0 0 |1 0 |3 erb |4 0 |6 128_000000000000000_LUB_1967 |7 0 |8 P |9 471754 |a BIBTEO |b BIBTES |c TEO_FTES |i 5208009 |o 128 LUB 1967 |p 5208009 |r 2024-01-18 |w 2019-11-24 |y BK |z Catalogado en:20151029 |k ICR | ||